000 00573nam a22001577a 4500
003 macl
005 20161105171849.0
008 161105b xxu||||| |||| 00| 0 eng d
040 _cmacl
082 _a385
100 _aकुन्‍दन के
_966187
245 _a20 मॉक टेस्ट रेळवे नॉन-टेक्नीकळ ऑनलाईन परीक्षा CBT
260 _aदिल्ली
_bबी एस सी पब्लिशिग कं प्रा लि
_c2014
650 _a रेळवे
_966302
942 _2ddc
_cHIN
_k385
999 _c55621
_d55621